Statystyki dla Top 10 najmniejszych krajów w Europie według populacji

Kliknij tutaj aby rozwiązać quiz!

Ogólne statystyki

  • Ten quiz został rozwiązany 823 razy
  • Średni wynik to 6 z 10

Statystyki odpowiedzi

PopulacjaKraj% Poprawnych
800Watykan
99%
33,000San Marino
88%
37,000Liechtenstein
77%
78,000Andora
66%
37,000Monako
63%
570,000Luksemburg
46%
425,000Malta
42%
331,000Islandia
34%
1,315,000Estonia
22%
620,000Czarnogóra
20%

Rozkład punktacji

Percentyl według liczby udzielonych odpowiedzi

Procent ludzi z każdym wynikiem

Twoja historia wyników

Nie rozwiązałeś tego quizu